Vplyv daní na konkurencieschopnosť malých a stredných podnikov na Slovensku a v Rakúsku

Významný vplyv daní na fungovanie malých a stredných podnikov. Výška daňového zaťaženia v Rakúsku a na Slovensku v r. 2011. Dopad daňového zaťaženia na podnikanie malých a stredných podnikov v Rakúsku a v SR v r. 2011. Odporúčania na zlepšenie súčasného stavu.

Saved in:
Bibliographic Details
Main Author: Zoľák, Štefan
Format: Book Chapter
Language:Slovak
Subjects:
Tags: Add Tag
No Tags, Be the first to tag this record!

MARC

LEADER 00000naa$a2200000$$$4500
001 0155255
005 20240502072730.1
041 0 |a slo 
044 |a SK 
245 1 0 |a Vplyv daní na konkurencieschopnosť malých a stredných podnikov na Slovensku a v Rakúsku  |c Štefan Zoľák 
520 |a Významný vplyv daní na fungovanie malých a stredných podnikov. Výška daňového zaťaženia v Rakúsku a na Slovensku v r. 2011. Dopad daňového zaťaženia na podnikanie malých a stredných podnikov v Rakúsku a v SR v r. 2011. Odporúčania na zlepšenie súčasného stavu. 
610 2 0 |a zdaňovanie 
610 2 0 |a dane 
610 2 0 |a priznania daňové 
610 2 0 |a podnik malý 
610 2 0 |a podnik stredný 
610 2 0 |a porovnanie medzinárodné 
610 2 0 |a prieskum 
610 2 0 |a Rakúsko 
610 2 0 |a Slovensko 
100 1 |a Zoľák, Štefan